|
|
|
|
| LEADER |
00000nam a2200000 a 4500 |
| 001 |
vtls001300156 |
| 003 |
SK-MaSNL |
| 005 |
20260301235132.0 |
| 008 |
240226s1997 xo y slo |
| 015 |
|
|
|a SNBE1998/01-00571
|
| 020 |
|
|
|a 8096777009
|
| 035 |
|
|
|a SNK000252145
|
| 035 |
|
|
|a urn:nbn:sk:snk-am3h7df
|
| 035 |
|
|
|a 7C86FAF7-02AF-4CBC-B7A9-1B4D98768A82
|
| 035 |
|
|
|a urn:nbn:sk:snk-am0014bn
|
| 040 |
|
|
|a SNK
|b slo
|c SNK
|e AACR2
|
| 041 |
0 |
|
|a slo
|
| 044 |
|
|
|a xo
|c SK
|
| 080 |
|
|
|a 373.54(085)"1867/1997"
|2 1981
|
| 110 |
2 |
|
|a Gymnázium Viliama Paulinyho-Tótha (Martin, Slovensko)
|4 aut
|9 32201
|
| 245 |
1 |
0 |
|a Gymnázium Viliama Paulinyho-Tótha Martin
|b 130. výročie založenia školy
|c zostavili: Eva Bónová, Anna Pišková, Marián Štefko ; fotografie Boris Bukovský
|
| 260 |
|
|
|a [Martin
|b Gymnázium Viliama Paulinyho-Tótha]
|c 1997
|
| 300 |
|
|
|a [22] s.
|b čiernobiele a fareb. fotogr., kres.
|c 21x15 cm
|
| 610 |
2 |
7 |
|a Gymnázium Viliama Paulinyho-Tótha (Martin, Slovensko)
|9 32201
|
| 648 |
|
7 |
|a 1867-1997
|2 SNK
|9 632007
|
| 655 |
|
7 |
|a pamätnice
|2 SNK
|9 282423
|
| 700 |
1 |
|
|a Bónová, Eva
|4 com
|9 18945
|
| 700 |
1 |
|
|a Pišková, Anna
|4 com
|9 23663
|
| 700 |
1 |
|
|a Štefko, Marián
|4 com
|9 47242
|
| 700 |
1 |
|
|a Bukovský, Boris
|4 pht
|9 17994
|
| 919 |
|
|
|a 80-967770-0-9
|
| 958 |
|
|
|a OND
|
| 958 |
|
|
|a TL
|
| 958 |
|
|
|a BQ
|
| 999 |
|
|
|c 973608
|d 975538
|
| 952 |
|
|
|t P60, <09>, [BOOK], {629}
|a SNK
|b SNK
|y NEVYP
|7 0
|o snkC 2055
|i snk4092/970827
|0 0
|1 0
|4 0
|d 1997-08-26
|l 0
|r 2005-01-02 00:00:00
|w 2026-02-24
|
| 952 |
|
|
|t P60, <03>, [BOOK], {603}
|a SNK
|b SNK
|y PREZ
|7 0
|p 17A0088562
|o snkSC 93986
|i snkKSP 9219/97
|0 0
|1 0
|4 0
|d 1997-08-26
|f 1
|l 0
|r 2025-09-11 00:00:00
|w 2026-02-24
|
| 952 |
|
|
|t P60, <04>, [BOOK], {604}
|a SNK
|b SNK
|y VYP
|7 0
|p 17A0088563
|o snkSC 93986 D1
|i snkKSP 9220/97
|0 0
|1 0
|4 0
|d 1997-08-26
|l 0
|r 2005-01-02 00:00:00
|w 2026-02-24
|